000 00506nam a2200181Ia 4500
008 090123s9999 xx 000 0 und d
082 _b25775
100 _aकुलकर्णी मा.गो.
245 _aवायरमन
250 _a1
260 _bसन प्रकाशन
300 _a76
600 _aकुलकर्णी मा.गो.
630 _aवायरमन
700 _aकुलकर्णी मा.गो.
730 _aवायरमन
942 _cBOOK
999 _c63846
_d63846